MDQL
is popping MORE tags! Check the
thread
!
Quizzes
Events
Quiz Creation
Community
Videos
Private Events
Remove Ads
Sign In
Join for FREE
Feedback
Dark Mode
Quiz Categories
Sports
Geography
Music
Movies
Television
Just For Fun
Miscellaneous
History
Literature
Language
Science
Gaming
Entertainment
Religion
Holiday
For Kids
Quiz Lab
Recent
Popular Today
Quiz Kudos Today
Editor Picks
Curator Picks
Quizzes by...
Day
Popularity
Type
Ratings
Length
Year
Community
Subscriptions
Recent Discussions
Orange Saloon
Badges
Playlists
Quests
Create
Leaderboards
Showdown
Live 5
Trivia Bingo
Activity
Puzzle Library
Sporcle Events
Private Events
Virtual Trivia
Globe League
Become a Host
Pub Owners
SporcleCon
Opinionation
Our Games
Videos
Blog
Mobile Apps
Partnerships
Remove Ads and Go Orange
Feedback
Miscellaneous
Crossword
General Knowledge
Baby Names
Logo
Food
Cars
Numbers
Grab Bag
University
College
Popular
Company
Slogans
Restaurants
Justice
Letter
Miscellaneous
Crossword
General Knowledge
Baby Names
Logo
Food
Cars
Numbers
Grab Bag
University
College
Popular
Company
Slogans
Restaurants
Justice
Letter
Random Quiz
Search Sporcle
×
Quiz Lab
Quiz Lab
Miscellaneous
Type in answers that appear in a list
Type in answers that appear in a list
Classic
Best Score? Go Orange.
Random Facts Stats
Can you name the answers to the random facts stated below?
By
pikminpower
10m
30 Questions
93 Plays
93 Plays
93 Plays
Comments
Comments
Give Quiz Kudos
Give Quiz Kudos
-
- Ratings
hide this ad
Forced Order
Answers have to be entered in order
Answers have to be entered in order
Replay
Link that replays current quiz
Next Quiz
Link to next quiz in quiz playlist
You Got
0%
They Got
Avg Score
19%
Avg Friend Score
Upgrade to see
Score Distribution
Jump to the score distribution portion of the page
Score
0/30
Timer
10:00
0
Plays Today
Question
Answer
% Correct
How many hours does the average cat sleep per day?
16 to 18 Hours
81.7%
What appears to keep growing on your body for a couple months after you die?
Hair
75.3%
1 in 5,000 North American lobsters are born what color?
Bright Blue
66.7%
Children grow faster in what season?
Springtime
62.4%
What is one of three mammals that can't jump?
Elephants, Rhinos, and Hippos
48.4%
What does the pancreas produce?
Insulin
39.8%
The things on the ends of shoelaces are called what?
Aglets
30.1%
The King of Hearts is the only King without what?
A Moustache
25.8%
The sound of E.T. was made by someone squishing her hands in what?
Jelly
16.1%
What year was Diet Coke invented?
1982
16.1%
What does 'karoke' mean in Japanese?
Empty Orchestra
15.1%
What tone do American car horns beep in?
Tone of F
15.1%
Every year about what percent of atoms in your body are replaced?
98%
14%
A lion's roar can be heard how many miles away?
5 Miles
11.8%
What occupation did Charlie Brown's father have?
Barber
10.8%
Question
Answer
% Correct
What is the fear of teeth called?
Odontophobia
9.7%
What is the time on the clock tower of Independence Hall on the new hundred dollar bills?
4:10
8.6%
What is the largest number of children born to one woman?
69
7.5%
The Australian $5 to $100 notes are made of what?
Plastic
6.5%
The United States has never lost a war in which what animal was used?
Mules
6.5%
Who was the first person selected Time Magazine Man of the Year?
Charles Lindbergh
5.4%
What is the 'official' name of Rhode Island?
Rhode Island and Providence Plantations
4.3%
How many years did it take Leo Tolstoy to write 'War & Peace?'
6 Years
4.3%
What is the surface area of the average-
sized brick?
79 cm^2
3.2%
What is the first known contraceptive?
Crocodile Dung
3.2%
What is the international telephone dialing code for Antarctica?
672
3.2%
Dueling is legal in Paraguay as long as both parties are registered what?
Blood Donors
3.2%
On what day is World Tourist Day observed?
September 27
1.1%
Can you name one of the two lion statues in front of the New York Public Library?
Patience and Fortitude
0%
What word describes the state of not being able to remember the word you want?
Lethologica
0%
Quiz Playlist
Details
Report
Send in Message
Add To Playlist
Classic:
Type in answers that appear in a list
Forced Order:
Answers have to be entered in order
Last Updated: Feb 16, 2017
Quiz Scoreboard
CHALLENGE
Sign Up to Join the Scoreboard
Show All
Scores
Hide
Comments
May contain spoilers
Recently Published
1-10 Letter E Words III
by El_Dandy
Language
2m
Street Fighter Characters
by Artimus82
Gaming
60s
College Basketball Coaching Resumes
by pancakes188
Sports
9m
More to Explore
Quiz From the Vault
Featured Blog Post
Where Did the Easter Bunny Come From?
hide this ad
You Might Also Like...
Tags
This quiz does not have any tags.
Today's Top Quizzes in Miscellaneous
Browse Miscellaneous
hide this ad
Top Contributed Quizzes in Miscellaneous
1
5-to-1: Fast Food
2
The JOE quick-fire general knowledge quiz: Day 174
3
The JOE quick-fire general knowledge quiz: Day 173
4
5-to-1: Cocktails
5
The JOE quick-fire general knowledge quiz: Day 172
6
9x9 Crossword: Disney Movie Titles
7
9x9 Crossword: Charlie and the Chocolate Factory
8
Sunday Crossword: Famous Bodies of Water
9
9x9 Crossword: Flags
10
The JOE quick-fire general knowledge quiz: Day 171
Explore More
Trending Topics
NBA
Kpop
Crossword
Marvel
Anime
Harry Potter
Disney
WWE
Puzzle
Country
NFL
Pokémon
The Office
Soccer
Song
hide this ad
More By:
pikminpower
Quiz
Plays
Rating
Category
Featured
Created
United States Capitals
2,577
3.44
Geography
Jan 21, 2011
Everybody Loves Raymond Characters
2,573
3.70
Television
Dec 27, 2010
Name 45 different Nintendo franchises
1,562
2.37
Gaming
Nov 8, 2010
Rooms in Luigi's Mansion
749
4.20
Gaming
Jan 31, 2011
Nintendo characters to the franchise
435
2.50
Gaming
Oct 17, 2010
Go to Creator's Profile
Score Distribution
Quiz Creator Spotlight
pikminpower
Follow
Send a Message
Quizzes Created
-
Created Quiz Play Count
-
More By This Creator
Popular Quizzes Today
1
Find the US States - No Outlines Minefield
2
Find the Countries of Europe - No Outlines Minefield
3
Find the US States
4
The Countries of the World
5
Risky Map Clicking: Biggest States A-Z
6
US States
7
Popular People in 1961
8
Movies - When Are They Set?
More Miscellaneous Quizzes
DD Things
Published
Trending Quizzes
Risky Map Clicking: Least Populous States A-Z
1-10 Letter G Words
Countries of the World: 200 Million BC
1-10 Letter F Words
Risky Map Clicking: Next State Alphabetically
Recently Updated
Rides in Walt Disney World
pecheneg
Most Oscar Losses (Acting)
pecheneg
Beyoncé Albums
pecheneg
Leaping Animals
pecheneg
Reality TV Shows (A-Z)
bhenderson79
Rickey Henderson's Hall of Fame Teammates
pecheneg
Champions League XIs: Arsenal
pecheneg
Quick Pick: Celebrities in WWE's Hall of Fame
aduchscher
A-Z Keypad Blitz II
pecheneg
Trending Topics
Harry Potter
NBA
Anime
Crossword
Disney
Marvel
Kpop
Country
Pokémon
NFL
The Office
Soccer
WWE
Song
Puzzle
Your Account Isn't Verified!
In order to create a playlist on Sporcle, you need to verify the email address you used during registration. Go to your
Sporcle Settings
to finish the process.
Report this User
Report this user for behavior that violates our
Community Guidelines
.
Details:
Send Report
Go to the Sporcle.com Mobile Site →
Comments